[Event "Fredrikstad CC-ch"]
[Site "Fredrikstad"]
[Date "2002.04.03"]
[Round "9"]
[White "Andersen, Harry"]
[Black "Nilsen, Kai"]
[Result "1-0"]
[WhiteElo "1738"]
[BlackElo "1533"]
[PlyCount "53"]
[EventDate "2002.01.??"]
[EventType "swiss"]
[EventRounds "11"]
[EventCountry "NOR"]
[SourceTitle "EXT 2005"]
[Source "ChessBase"]
[SourceDate "2004.11.15"]
[SourceVersion "1"]
[SourceVersionDate "2004.11.15"]
[SourceQuality "1"]

1. e4 e5 2. f4 exf4 3. Nf3 g5 4. Bc4 g4 5. Ne5 Qh4+ 6. Kf1 Nh6 7. d4 f3 8. gxf3 g3 9. Bxh6 Bxh6 10. Kg2 Bf4 11. Qe1 Bxe5 12. dxe5 Qh5 13. Qxg3 Kf8 14. Nc3 Rg8 15. f4 d6 16. Rad1 Bh3+ 17. Kf2 Rxg3 18. hxg3 Nc6 19. Bf1 dxe5 20. Rxh3 Qg6 21. f5 Qg7 22. Bc4 Nd4 23. Rdh1 Qg4 24. Rxh7 Qf3+ 25. Ke1 Nxc2+ 26. Kd2 Rd8+ 27. Kxc2 1-0

[Event "Fredrikstad op"]
[Site "Fredrikstad"]
[Date "2001.10.24"]
[Round "6"]
[White "Nilsen, Kai"]
[Black "Ludvigsen, Jan Helge"]
[Result "1-0"]
[WhiteElo "1529"]
[BlackElo "1573"]
[PlyCount "77"]
[EventDate "2001.08.??"]
[EventType "swiss"]
[EventRounds "9"]
[EventCountry "NOR"]
[SourceTitle "EXT 2005"]
[Source "ChessBase"]
[SourceDate "2004.11.15"]
[SourceVersion "1"]
[SourceVersionDate "2004.11.15"]
[SourceQuality "1"]

1. e4 e5 2. Nf3 Nc6 3. d4 exd4 4. Nxd4 Qf6 5. Be3 Bc5 6. c3 Nge7 7. Be2 d5 8. Bf3 Bxd4 9. cxd4 dxe4 10. Bxe4 0-0 11. 0-0 Rd8 12. Qc2 Bf5 13. Nd2 Nxd4 14. Qxc7 Rd7 15. Qa5 b6 16. Qa4 b5 17. Qb4 a5 18. Qa3 Bxe4 19. Nxe4 Qe5 20. Bxd4 Rxd4 21. Ng3 b4 22. Qf3 Rad8 23. Rfe1 Qd6 24. Qe3 Rd7 25. Rac1 g6 26. h3 Rd3 27. Qe5 Qb6 28. Ne4 Kf8 29. Nc5 Qd8 30. Nxd7+ Rxd7 31. Qh8+ Ng8 32. Re3 f6 33. Rce1 Rd1 34. Qxh7 g5 35. Qc2 Rd5 36. Qg6 Rd1 37. Re8+ Qxe8 38. Qxe8+ Kg7 39. Rxd1 1-0